Real People - Sudden Death #1 - Statistics

General Stats
  • This quiz has been taken 106,975 times
  • The average score is 8 of 20
Answers on the Grid
Answers color-coded by a green-red scale on the quiz's grid according to % correct below.
Aesop
Anna Karenina
Baba Yaga
Cleopatra
Confucius
Dorothy Gale
Dr. Frankenstein
Ebenezer Scrooge
Gautama Buddha
Genghis Khan
Hannibal (of Carthage)
Helen Keller
Hercule Poirot
Hippocrates
Ichabod Crane
Imhotep
Indiana Jones
James Bond
Jay Gatsby
Jesus
Johnny Appleseed
King Arthur
Lawrence of Arabia
Mahatma Gandhi
Nefertiti
Nikola Tesla
Norman Bates
Nostradamus
Odysseus
Peter Pan
Pocahontas
Rip Van Winkle
Robin Hood
Rocky Balboa
Ronald McDonald
Rosa Parks
The von Trapp Family
Tom Sawyer
Virgil
Willy Wonka
 
Answer Stats
Answer % Correct
Cleopatra
72%
Confucius
65%
Genghis Khan
61%
Jesus
56%
Mahatma Gandhi
53%
Gautama Buddha
52%
Helen Keller
51%
Nikola Tesla
48%
Aesop
46%
Hippocrates
46%
Rosa Parks
46%
Hannibal (of Carthage)
45%
Nefertiti
36%
Pocahontas
32%
Nostradamus
29%
Lawrence of Arabia
28%
Imhotep
26%
Virgil
21%
The von Trapp Family
17%
Johnny Appleseed
15%
No matching quizzes found
Score Distribution
Percent of People with Each Score
Percentile by Number Answered
Your Score History
You have not taken this quiz